000 00442nam a2200157Ia 4500
008 100122s9999 xx 000 0 und d
082 _b67905
_a823
100 _aजोगळेकर योगिनी
245 _aधागे दोरे
250 _a2
260 _bमनोरमा प्रकाशन
_c2005
300 _a205
630 _aधागे दोरे
730 _aधागे दोरे
942 _cBOOK
999 _c439735
_d439732